Statistics for All Vezina Trophy Winners (Since 1980)

Click here to take the quiz!

General Stats

  • This quiz has been taken 45 times
    (10 since last reset)
  • The average score is 18 of 35

Answer Stats

YearAnswer% Correct
2018Pekka Rinne
89%
2017Sergei Bobrovsky
89%
2015Carey Price
78%
2011Tim Thomas
78%
1982Billy Smith
56%
1994Dominik Hasek
56%
1995Dominik Hasek
56%
1998Dominik Hasek
56%
1999Dominik Hasek
56%
1988Grant Fuhr
56%
2012Henrik Lundqvist
56%
2007Martin Brodeur
56%
2004Martin Brodeur
56%
2003Martin Brodeur
56%
2008Martin Brodeur
56%
1992Patrick Roy
56%
1990Patrick Roy
56%
1987Ron Hextall
56%
2010Ryan Miller
56%
2013Sergei Bobrovsky
56%
2009Tim Thomas
56%
2014Tuukka Rask
56%
2016Braden Holtby
44%
1997Dominik Hasek
44%
1991Ed Belfour
44%
1986John Vanbiesbrouck
44%
2002Jose Theodore
44%
1989Patrick Roy
44%
1985Pelle Lindbergh
44%
1984Tom Barrasso
44%
2006Miikka Kiprusoff
33%
1983Pete Peeters
33%
2005Lockout
22%
1981Denis Herron
11%
1980Michel Larocque
11%

Score Distribution

Percentile by Number Answered

Percent of People with Each Score

Your Score History

You have not taken this quiz since the last reset